000 00801nas a2200241 4500
001 BR9209599
003 BR-BrBNA
005 20231205093311.0
007 ta
008 230509b bl.|||p| |||| 00| 00por d
040 _aBR-BrBNA
_bpor
_cBiblioteca Nacional de Agricultura
041 _a(Pt)
072 _aH10
100 1 _aBiasi, L.A.
100 1 _aSantos, H.R. dos
245 1 _aConsumo de ovos de Tetrancychus ludeni Zacher, 1913 Acarina: Tetranychidae por Ambyseius fallacis (Garman, 1948)(Acarina: Phytoseiidae)
650 _aACARO VERMELHO
650 _aPREDADOR
650 _aCONTROLE INTEGRADO
773 0 _tRevista do Setor de Ciencias Agrarias (Brazil)
_xISSN 0100-607X
_g(1988), v. 10(1-2) p. 99-102
_wBR9209599
909 _a202311
_bLúcia
_c55
_dLúcia Elande
942 _2AGRIS
_n0
_cANA
999 _c137391
_d137391